000 00412nam a2200157Ia 4500
008 160316s1992 xxu||||| |||| 00| 0 eng d
082 _a341.481000
_bHUM
100 _aHumana Charles
245 _aWorld human rights guide
250 _a3rd
260 _aNew York
_bOxford University Press
_c1992
300 _a393
_b
_cxix
365 _b
650 _a1.International Law - Human Rights - A Guide
700 _a
_a
999 _c9684
_d9684